[Event "55th Biel Master Open"]
[Site "Biel SUI"]
[Date "2022.07.20"]
[Round "7.11"]
[White "Erdos, Viktor"]
[Black "Korley, Kassa"]
[Result "1-0"]
[WhiteTitle "GM"]
[BlackTitle "IM"]
[WhiteElo "2586"]
[BlackElo "2421"]
[WhiteFideId "719978"]
[BlackFideId "2033801"]
[EventDate "2022.07.13"]

1. e4 e5 2. Nf3 Nf6 3. d4 Nxe4 4. Bd3 d5 5. Nxe5 Nd7 6. Nc3 Nxe5 7. dxe5 Nxc3 8.
bxc3 Bc5 9. O-O O-O 10. Qh5 g6 11. Qh6 Re8 12. Bg5 Bf8 13. Bxd8 Bxh6 14. Bxc7
Bd7 15. Rab1 Rec8 16. Rxb7 Bc6 17. Ba6 Bxb7 18. Bxb7 Rxc7 19. Bxa8 Rxc3 20. Bxd5
Rxc2 21. f4 Bf8 22. g3 Bc5+ 23. Kh1 Kg7 24. Bb3 Rd2 25. Rc1 Bb6 26. Rc6 Bd8 27.
Rc8 h5 28. Rb8 Rd7 29. Kg2 Bb6 30. Kf3 Re7 31. g4 hxg4+ 32. Kxg4 Rd7 33. h4 f5+
34. Kf3 Rd3+ 35. Kg2 Rd2+ 36. Kh1 Rd7 37. h5 gxh5 38. Rg8+ Kh6 39. Rf8 Be3 40.
Rxf5 Re7 41. Rf6+ Kg7 42. Kg2 a5 43. Kf3 Bd4 44. Ke4 Bf2 45. f5 h4 46. Rg6+ Kh7
47. Bg8+ Kh8 48. f6 1-0

[Event "55th Biel Master Open"]
[Site "Biel SUI"]
[Date "2022.07.20"]
[Round "7.12"]
[White "Prraneeth, Vuppala"]
[Black "Petrov, Martin"]
[Result "1/2-1/2"]
[WhiteTitle "CM"]
[BlackTitle "GM"]
[WhiteElo "2457"]
[BlackElo "2534"]
[WhiteFideId "46622373"]
[BlackFideId "2911086"]
[EventDate "2022.07.13"]

1. e4 e6 2. d4 d5 3. Nc3 Nf6 4. e5 Nfd7 5. f4 c5 6. Nf3 Nc6 7. Be3 cxd4 8. Nxd4
Qb6 9. Qd2 Qxb2 10. Rb1 Qa3 11. Bb5 Nxd4 12. Bxd4 a6 13. Bxd7+ Bxd7 14. Rb3 Qe7
15. Rxb7 Qh4+ 16. Qf2 Qxf2+ 17. Kxf2 Be7 18. Rhb1 Bd8 19. Rb8 Rxb8 1/2-1/2

[Event "55th Biel Master Open"]
[Site "Biel SUI"]
[Date "2022.07.20"]
[Round "7.13"]
[White "Bharath, Subramaniyam H"]
[Black "Seul, Georg"]
[Result "1-0"]
[WhiteTitle "GM"]
[BlackTitle "IM"]
[WhiteElo "2479"]
[BlackElo "2367"]
[WhiteFideId "46634827"]
[BlackFideId "4601653"]
[EventDate "2022.07.13"]

1. d4 Nf6 2. Nf3 e6 3. Bf4 c5 4. c3 b6 5. e3 Be7 6. h3 O-O 7. Bd3 Ba6 8. Bxa6
Nxa6 9. O-O Qc8 10. Qe2 Qb7 11. Nbd2 cxd4 12. exd4 d6 13. a4 Nc7 14. Bg5 Rfe8
15. Bxf6 Bxf6 16. Rfe1 Be7 17. Ne4 a6 18. Qc2 b5 19. Neg5 g6 20. h4 Kg7 21. Re4
Rab8 22. axb5 axb5 23. Rae1 Nd5 24. h5 Bxg5 25. Nxg5 Nf6 26. Rf4 Qd5 27. h6+ Kg8
28. Nf3 Nd7 29. Rfe4 Nf6 30. Rh4 e5 31. dxe5 dxe5 32. Ng5 Rbd8 33. Rb4 Rb8 34.
Rd1 Qc6 35. Qd3 Qc5 36. Qd6 Qb6 37. Rd2 e4 38. Qxb6 Rxb6 39. Nxe4 Ng4 40. f3
Nxh6 41. Rd6 Rxd6 42. Nxd6 Re2 43. Rxb5 Rc2 44. c4 Kg7 45. b4 Kf6 46. Rb7 Ke5
47. c5 Kf4 48. Kh2 g5 49. Re7 g4 50. Re4+ Kg5 51. Rc4 1-0

[Event "55th Biel Master Open"]
[Site "Biel SUI"]
[Date "2022.07.20"]
[Round "7.14"]
[White "Banusz, Tamas"]
[Black "Popiol, Michal"]
[Result "1-0"]
[WhiteTitle "GM"]
[BlackTitle "CM"]
[WhiteElo "2611"]
[BlackElo "2118"]
[WhiteFideId "722413"]
[BlackFideId "1144472"]
[EventDate "2022.07.13"]

1. Nf3 Nf6 2. c4 g6 3. g3 Bg7 4. Bg2 O-O 5. d4 d6 6. Nc3 c5 7. O-O Nc6 8. d5 Na5
9. Nd2 e6 10. Qc2 exd5 11. cxd5 Bd7 12. b3 b5 13. Bb2 b4 14. Nce4 Bb5 15. Nxf6+
Bxf6 16. a3 Nb7 17. Rfe1 a5 18. e4 Bd3 19. Bxf6 Bxc2 20. Bxd8 Rfxd8 21. Rac1 Bd3
22. a4 c4 23. Nxc4 Bxc4 24. Rxc4 Rac8 25. Rc6 Nc5 26. Bh3 Rxc6 27. dxc6 Na6 28.
e5 dxe5 29. Rxe5 Rd1+ 30. Kg2 Rc1 31. Bd7 Kg7 32. Rxa5 1-0

[Event "55th Biel Master Open"]
[Site "Biel SUI"]
[Date "2022.07.20"]
[Round "7.15"]
[White "Stijve, Theo"]
[Black "Yu, Yangyi"]
[Result "0-1"]
[WhiteTitle "FM"]
[BlackTitle "GM"]
[WhiteElo "2394"]
[BlackElo "2720"]
[WhiteFideId "1331132"]
[BlackFideId "8603820"]
[EventDate "2022.07.13"]

1. e4 d6 2. d4 Nf6 3. Nc3 e5 4. Nf3 Nbd7 5. Bc4 Be7 6. a4 O-O 7. O-O c6 8. a5
exd4 9. Qxd4 Qc7 10. Bf4 Nh5 11. Be3 Ne5 12. Nxe5 dxe5 13. Qd1 Nf4 14. g3 Be6
15. Bxe6 Nxe6 16. Qd3 Bb4 17. a6 b5 18. Na2 Bc5 19. Rfe1 Rfd8 20. Qc3 Bd4 21.
Qa3 c5 22. Rad1 Rd6 23. b4 Rad8 24. Rb1 Qc8 25. c4 Rxa6 26. Qb3 Bxe3 27. fxe3
Rd2 28. Nc3 Ng5 0-1

[Event "55th Biel Master Open"]
[Site "Biel SUI"]
[Date "2022.07.20"]
[Round "7.16"]
[White "Shevchenko, Kirill"]
[Black "Song, Julien"]
[Result "1/2-1/2"]
[WhiteTitle "GM"]
[BlackTitle "IM"]
[WhiteElo "2654"]
[BlackElo "2391"]
[WhiteFideId "14129574"]
[BlackFideId "659487"]
[EventDate "2022.07.13"]

1. c4 e6 2. Nc3 d5 3. d4 c5 4. cxd5 exd5 5. Nf3 Nc6 6. dxc5 d4 7. Na4 Bxc5 8.
Nxc5 Qa5+ 9. Bd2 Qxc5 10. b4 Qb6 11. Qa4 a6 12. e3 dxe3 13. fxe3 Rb8 14. b5 axb5
15. Qxb5 Qxb5 16. Bxb5 Bd7 17. Bc3 Nf6 18. Bxf6 gxf6 19. O-O Ke7 20. a4 Rhc8 21.
Nd2 Ne5 22. Ne4 Bxb5 23. axb5 Nd7 24. Rad1 Rc2 25. Rf4 Ra8 26. Nd6 Raa2 27. Nf5+
Kd8 28. Rg4 Kc7 29. Ne7 Kb6 30. Rg7 Ne5 31. Nd5+ Kxb5 32. Rb1+ Kc5 33. Nxf6 Ng6
34. Rxh7 Rxg2+ 35. Kh1 Rgc2 36. Ng4 Rg2 37. Nf6 Rgc2 38. Ng4 Rg2 39. h3 f5 40.
Rh5 Nh4 41. Rxh4 fxg4 42. hxg4 b5 43. Rh5+ Kc4 44. Rbxb5 Rxg4 45. Rb1 Re2 46.
Ra1 Re4 47. Rc1+ Kd3 1/2-1/2

[Event "55th Biel Master Open"]
[Site "Biel SUI"]
[Date "2022.07.20"]
[Round "7.17"]
[White "Haimovich, Tal"]
[Black "Azarov, Sergei"]
[Result "1/2-1/2"]
[WhiteTitle "IM"]
[BlackTitle "GM"]
[WhiteElo "2372"]
[BlackElo "2566"]
[WhiteFideId "2801698"]
[BlackFideId "13501470"]
[EventDate "2022.07.13"]

1. e4 c5 2. Nf3 Nc6 3. Nc3 e5 4. Bc4 d6 5. d3 Be7 6. Nd2 Nf6 7. Nf1 Bg4 8. f3
Be6 9. Ne3 O-O 10. O-O Nb4 11. a3 d5 12. exd5 Nbxd5 13. Nexd5 Nxd5 14. Nxd5 Bxd5
15. Be3 Qd7 16. Bxd5 Qxd5 17. Qe2 Rfe8 18. a4 Bf8 19. Bf2 f5 20. Rfe1 Re6 21. a5
Rae8 22. b3 h5 23. Ra4 g6 24. Qe3 Kh7 25. Kf1 Rc6 26. Qd2 Bg7 27. Rc4 b5 28.
axb6 axb6 29. b4 cxb4 30. Qxb4 Rec8 31. Rxc6 Rxc6 32. Re2 b5 33. Be1 Rc5 34. Qa3
Rc7 35. Qa5 Qd7 36. Qb4 Qd5 37. Qa5 Qd7 38. Qb4 Qd5 1/2-1/2

[Event "55th Biel Master Open"]
[Site "Biel SUI"]
[Date "2022.07.20"]
[Round "7.18"]
[White "Gagare, Shardul"]
[Black "Materia, Marco"]
[Result "1/2-1/2"]
[WhiteTitle "GM"]
[BlackTitle "IM"]
[WhiteElo "2514"]
[BlackElo "2409"]
[WhiteFideId "5037883"]
[BlackFideId "45150451"]
[EventDate "2022.07.13"]

1. Nf3 d5 2. c4 d4 3. g3 Nc6 4. Bg2 e5 5. d3 Nf6 6. O-O a5 7. e3 Be7 8. exd4
exd4 9. Na3 O-O 10. Nb5 Bf5 11. Bf4 Rc8 12. Ne5 Nxe5 13. Bxe5 Nd7 14. Bxd4 c6
15. Nc3 Nc5 16. Bxc5 Bxc5 17. Ne4 Bd4 18. Rb1 Qe7 19. Qd2 Ra8 20. Kh1 Rfd8 21.
f4 h5 22. h3 g6 23. Qe2 Rd7 24. Kh2 Rad8 25. b3 Bg7 26. Rbd1 Rd4 27. Rfe1 Qc7
28. h4 Bg4 29. Bf3 Bf5 30. Bg2 Bg4 31. Bf3 Bf5 1/2-1/2

[Event "55th Biel Master Open"]
[Site "Biel SUI"]
[Date "2022.07.20"]
[Round "7.19"]
[White "Tanmay, Chopra"]
[Black "Rathanvel, V S"]
[Result "1/2-1/2"]
[WhiteTitle "FM"]
[BlackTitle "IM"]
[WhiteElo "2322"]
[BlackElo "2478"]
[WhiteFideId "25630946"]
[BlackFideId "25002112"]
[EventDate "2022.07.13"]

1. e4 c5 2. Nf3 d6 3. d4 cxd4 4. Nxd4 Nf6 5. Nc3 a6 6. Bg5 e6 7. f4 Qc7 8. Bxf6
gxf6 9. Qf3 b5 10. O-O-O b4 11. Nce2 h5 12. Ng3 Bb7 13. Nxh5 Nd7 14. g4 O-O-O
15. Bg2 Nc5 16. Qe2 Be7 17. Kb1 a5 18. Rhe1 Kb8 19. h3 Ba6 20. Qe3 Bb7 21. Qe2
Ba6 22. Qf2 Bb7 23. f5 e5 24. Nb3 a4 25. Nd2 a3 26. b3 1/2-1/2

[Event "55th Biel Master Open"]
[Site "Biel SUI"]
[Date "2022.07.20"]
[Round "7.20"]
[White "Raja, Harshit"]
[Black "Ajay Krishna, S"]
[Result "1-0"]
[WhiteTitle "GM"]
[BlackTitle "IM"]
[WhiteElo "2477"]
[BlackElo "2372"]
[WhiteFideId "5089000"]
[BlackFideId "5096430"]
[EventDate "2022.07.13"]

1. e4 c5 2. Nf3 d6 3. d4 cxd4 4. Nxd4 Nf6 5. Nc3 a6 6. Bg5 e6 7. f4 Qc7 8. Qe2
b5 9. a3 Nbd7 10. g3 Be7 11. Bg2 Rb8 12. e5 dxe5 13. Nc6 Rb6 14. Nxe7 Kxe7 15.
O-O-O h6 16. Bh4 Kf8 17. fxe5 Nxe5 18. g4 Nfd7 19. Bg3 f6 20. Rhf1 Kg8 21. h4
Qc4 22. Qxc4 Nxc4 23. Rfe1 Bb7 24. Bxb7 Rxb7 25. Rxe6 Ndb6 26. b3 Kf7 27. Rc6
Na5 28. Rc7+ Kg6 29. h5+ Kh7 30. Rxb7 Nxb7 31. Bf2 Nc8 32. Rd7 Nbd6 33. Bc5 Ne8
34. Nd5 Rg8 35. Kd2 Kh8 36. Ke3 a5 37. Kf4 Kh7 38. Kf5 a4 39. b4 Ned6+ 40. Bxd6
Nxd6+ 41. Rxd6 Rc8 42. Rd7 1-0

[Event "55th Biel Master Open"]
[Site "Biel SUI"]
[Date "2022.07.20"]
[Round "7.21"]
[White "Pavlovic, Milos"]
[Black "Schnepp, Gunnar"]
[Result "1-0"]
[WhiteTitle "GM"]
[BlackTitle "FM"]
[WhiteElo "2461"]
[BlackElo "2265"]
[WhiteFideId "900389"]
[BlackFideId "1604503"]
[EventDate "2022.07.13"]

1. Nf3 Nf6 2. g3 d5 3. Bg2 c5 4. O-O g6 5. d3 Bg7 6. Nc3 Nc6 7. e4 O-O 8. exd5
Nxd5 9. Nxd5 Qxd5 10. c3 Qh5 11. Ng5 Qxd1 12. Rxd1 Bd7 13. Be3 b6 14. Nf3 Rad8
15. Rac1 e5 16. a3 Ne7 17. d4 Ba4 18. Re1 exd4 19. Bg5 dxc3 20. bxc3 f6 21. Rxe7
fxg5 22. Rxa7 Rd1+ 23. Rxd1 Bxd1 24. Nxg5 Bb3 25. Rb7 Bxc3 26. Rxb6 Bc4 27. Rc6
Bd4 28. Nf3 Rb8 29. Bf1 Bxf1 30. Kxf1 Bb2 31. Rxc5 Bxa3 32. Rc7 Bd6 33. Rd7 Bc5
34. Ng5 Rb1+ 35. Kg2 h6 36. Rd8+ 1-0

[Event "55th Biel Master Open"]
[Site "Biel SUI"]
[Date "2022.07.20"]
[Round "7.22"]
[White "Unuk, Laura"]
[Black "Panjwani, Raja"]
[Result "0-1"]
[WhiteTitle "IM"]
[BlackTitle "IM"]
[WhiteElo "2340"]
[BlackElo "2450"]
[WhiteFideId "14609215"]
[BlackFideId "2604493"]
[EventDate "2022.07.13"]

1. d4 Nf6 2. c4 g6 3. Nc3 Bg7 4. e4 d6 5. Be2 O-O 6. Be3 Na6 7. h3 e5 8. d5 Nc5
9. Qc2 Ne8 10. b4 Na6 11. Rb1 f5 12. Nf3 c5 13. dxc6 bxc6 14. c5 fxe4 15. Nxe4
d5 16. Ng3 Nac7 17. h4 Ne6 18. Rd1 Nf4 19. Kf1 Nxe2 20. Nxe2 Nc7 21. h5 Qe8 22.
hxg6 Qxg6 23. Qxg6 hxg6 24. Bh6 Bxh6 25. Rxh6 Kg7 26. Rh4 Ba6 27. Ke1 Rae8 28.
Kd2 e4 29. Nfd4 Rxf2 30. Ke3 Rxg2 31. Rdh1 Ne6 32. Rh7+ Kf6 33. Rxa7 Bxe2 34.
Nxe2 Ke5 35. Rd7 d4+ 36. Nxd4 Nxd4 37. Rxd4 Rg3+ 38. Kf2 Rf3+ 0-1

[Event "55th Biel Master Open"]
[Site "Biel SUI"]
[Date "2022.07.20"]
[Round "7.23"]
[White "Gurel, Ediz"]
[Black "Shubin, Daniel"]
[Result "1-0"]
[WhiteTitle "IM"]
[WhiteElo "2435"]
[BlackElo "2120"]
[WhiteFideId "44507356"]
[BlackFideId "30936470"]
[EventDate "2022.07.13"]

1. e4 e6 2. d4 d5 3. Nd2 a5 4. Ngf3 Nf6 5. Bd3 c5 6. e5 Nfd7 7. c3 Nc6 8. O-O
Qb6 9. Re1 a4 10. dxc5 Bxc5 11. Qe2 f6 12. exf6 Nxf6 13. b4 Bd6 14. b5 Ne7 15.
Ne5 O-O 16. Ndf3 Nd7 17. Be3 Qc7 18. Bd4 Nf5 19. Nxd7 Bxd7 20. Be5 Bxe5 21. Nxe5
Rf6 22. Ng4 Rf7 23. Qe5 Qc5 24. c4 Rc8 25. Rac1 h5 26. Ne3 Nxe3 27. fxe3 dxc4
28. Qe4 Bxb5 29. Qh7+ Kf8 30. Bg6 c3 31. Bxf7 Kxf7 32. Rc2 Qe5 33. h3 Ke7 34.
Qg6 Be8 35. Qd3 Bb5 36. Qd1 Rd8 37. Qb1 Rd3 38. Rf2 Qc5 39. a3 Rd2 40. Qg6 Rxf2
41. Kxf2 Qe5 42. Rc1 Bc6 43. Qg3 Qf6+ 44. Kg1 Kd7 45. Rf1 h4 46. Qg4 Qe5 47.
Rf7+ Kd6 1-0

[Event "55th Biel Master Open"]
[Site "Biel SUI"]
[Date "2022.07.20"]
[Round "7.24"]
[White "Gaehwiler, Gabriel"]
[Black "Karthik, Rajaa"]
[Result "0-1"]
[WhiteTitle "IM"]
[BlackTitle "FM"]
[WhiteElo "2420"]
[BlackElo "2331"]
[WhiteFideId "1314530"]
[BlackFideId "25035215"]
[EventDate "2022.07.13"]

1. d4 Nf6 2. c4 g6 3. Nc3 Bg7 4. e4 d6 5. Be2 O-O 6. Be3 Na6 7. h3 e5 8. d5 Nc5
9. Bf3 a5 10. g4 Bd7 11. Nge2 c6 12. g5 Ne8 13. Ng3 Nc7 14. h4 b5 15. dxc6 Bxc6
16. Bxc5 dxc5 17. Qxd8 Rfxd8 18. Nd5 Bxd5 19. cxd5 a4 20. Nf1 c4 21. Ne3 Na6 22.
h5 Nc5 23. hxg6 hxg6 24. a3 Bf8 25. Ng4 Be7 26. Nxe5 Bxg5 27. Nc6 Re8 28. Kd1
Nxe4 29. Kc2 Nd6 30. Rag1 Bf6 31. Bg4 Kg7 32. Rg2 Rh8 33. Rhg1 Rae8 34. f4 Re3
35. f5 Rb3 36. Kc1 g5 37. Bd1 Re3 38. Bc2 Rhe8 39. Kd2 Rh3 40. Kc1 Rhe3 41. Kd2
c3+ 42. bxc3 Bxc3+ 43. Kc1 Re1+ 0-1

[Event "55th Biel Master Open"]
[Site "Biel SUI"]
[Date "2022.07.20"]
[Round "7.25"]
[White "Mamedov, Edgar"]
[Black "Katz, Alexander"]
[Result "0-1"]
[WhiteTitle "CM"]
[BlackTitle "IM"]
[WhiteElo "2227"]
[BlackElo "2402"]
[WhiteFideId "13739980"]
[BlackFideId "2039796"]
[EventDate "2022.07.13"]

1. d4 Nf6 2. c4 e6 3. Nf3 d5 4. Nc3 Bb4 5. Qa4+ Nc6 6. Bg5 h6 7. Bxf6 Qxf6 8. e3
O-O 9. Qc2 Rd8 10. a3 Bf8 11. Bd3 g6 12. O-O b6 13. b4 Bb7 14. c5 bxc5 15. bxc5
e5 16. dxe5 Nxe5 17. Nxe5 Qxe5 18. Nb5 Bc6 19. Nd4 Be8 20. Rab1 Rab8 21. Bb5
Bxb5 22. Nxb5 a6 23. Nd4 Qe4 24. Rxb8 Rxb8 25. Qc3 Rb1 26. f3 Rxf1+ 27. Kxf1
Qb1+ 28. Kf2 Qa2+ 29. Kf1 Be7 30. Qb3 Qd2 31. Qb8+ Kg7 32. Qxc7 Qxe3 33. g3 Bf6
34. Ne2 Qxf3+ 35. Ke1 Qh1+ 36. Kd2 Bg5+ 37. Nf4 Qxh2+ 38. Kd1 Qh1+ 39. Kd2 Qg2+
40. Kd1 Qf3+ 41. Kc2 Qe4+ 42. Kd1 h5 43. c6 h4 44. Qa5 hxg3 45. c7 Qxf4 46. c8=Q
Qf1+ 47. Kc2 Qc1+ 0-1

[Event "55th Biel Master Open"]
[Site "Biel SUI"]
[Date "2022.07.20"]
[Round "7.26"]
[White "Hilby, Craig"]
[Black "Gomez Barrera, Javiera Belen"]
[Result "1-0"]
[WhiteTitle "IM"]
[BlackTitle "WIM"]
[WhiteElo "2422"]
[BlackElo "2210"]
[WhiteFideId "2062674"]
[BlackFideId "3418723"]
[EventDate "2022.07.13"]

1. d4 Nf6 2. Nf3 g6 3. Nbd2 d5 4. e3 Bg7 5. b4 a5 6. b5 c5 7. bxc6 bxc6 8. Ba3
O-O 9. Be2 Re8 10. O-O Nbd7 11. c4 Ba6 12. Rb1 Qc7 13. Qc2 Bf8 14. Rfc1 e5 15.
Bxf8 Rxf8 16. Nxe5 Nxe5 17. dxe5 Qxe5 18. Nb3 dxc4 19. Nd4 c5 20. Nf3 Qe6 21.
Qa4 c3 22. Bxa6 Rxa6 23. Rxc3 Ne4 24. Rc4 Re8 25. Rbc1 Raa8 26. h3 Re7 27. Qa3
Qd5 28. Qb3 Ree8 29. Qa4 Qe6 30. Qc2 Qd5 31. Rd1 Qe6 32. Ne1 Rac8 33. Nd3 Red8
34. Rc1 Qf5 35. Nf4 Re8 36. Rd1 Qe5 37. Rd5 Qe7 38. Nd3 Qb7 39. Nf4 Qe7 40. a4
Rb8 41. Rd1 Kf8 42. Rc1 Qe5 43. Nd3 Qf6 44. Nxc5 Nxc5 45. Rf4 Qe7 46. Qxc5 Rec8
47. Qxc8+ Rxc8 48. Rxc8+ Kg7 49. Rd4 h5 50. h4 Qe5 51. Rcd8 Qc5 52. R8d7 Qc1+
53. Kh2 Qc6 54. Ra7 Qf6 55. Rf4 Qe5 56. g3 Kh6 57. Rfxf7 1-0

[Event "55th Biel Master Open"]
[Site "Biel SUI"]
[Date "2022.07.20"]
[Round "7.27"]
[White "Peyrer, Konstantin"]
[Black "Lou, Vincent"]
[Result "1-0"]
[WhiteTitle "FM"]
[WhiteElo "2406"]
[BlackElo "2200"]
[WhiteFideId "1640879"]
[BlackFideId "1334972"]
[EventDate "2022.07.13"]

1. e4 c5 2. Nf3 d6 3. d4 cxd4 4. Nxd4 Nf6 5. Nc3 a6 6. Be2 e5 7. Nb3 Be7 8. g4
Be6 9. g5 Nfd7 10. h4 Nc6 11. Be3 Nc5 12. Nd5 Rc8 13. f3 Na4 14. Qd2 Nc5 15. c3
Bxd5 16. exd5 Nxb3 17. axb3 Nb8 18. Bd3 Nd7 19. h5 h6 20. gxh6 gxh6 21. Bxh6
Bh4+ 22. Ke2 Qf6 23. Be3 Rg8 24. Rag1 Ke7 25. Rg4 Rxg4 26. fxg4 Rg8 27. Bf5 Bg5
28. h6 Bf4 29. h7 Rh8 30. Kd1 Nf8 31. Bxf4 exf4 32. Qxf4 Ng6 33. Qb4 b5 34. Kc2
Kf8 35. c4 bxc4 36. bxc4 Kg7 37. Qc3 Ne5 38. Re1 Qh4 39. c5 Qf2+ 40. Kb1 Rb8 41.
Rxe5 dxe5 42. Qxe5+ f6 43. h8=B+ Rxh8 44. Qe7+ 1-0

[Event "55th Biel Master Open"]
[Site "Biel SUI"]
[Date "2022.07.20"]
[Round "7.28"]
[White "Aziz, Husain"]
[Black "Mahitosh, Dey"]
[Result "0-1"]
[WhiteTitle "IM"]
[BlackTitle "FM"]
[WhiteElo "2380"]
[BlackElo "2212"]
[WhiteFideId "12100293"]
[BlackFideId "25091468"]
[EventDate "2022.07.13"]

1. d4 d5 2. c4 e6 3. Nc3 a6 4. c5 e5 5. dxe5 d4 6. Na4 Nc6 7. Nf3 Bf5 8. a3 Qd5
9. g3 Be4 10. Bg2 Nge7 11. O-O O-O-O 12. b4 Ng6 13. Nb2 Be7 14. Nd3 Ncxe5 15. a4
Bf6 16. b5 a5 17. Bd2 Nxf3+ 18. Bxf3 Bxf3 19. exf3 b6 20. Rc1 Kb8 21. cxb6 cxb6
22. Rc6 Ka7 23. Bxa5 bxa5 24. Qd2 Rd7 25. Qxa5+ Kb8 26. Nb4 Qxf3 27. Na6+ Ka7
28. Qb6+ Ka8 29. Rc7 0-1

[Event "55th Biel Master Open"]
[Site "Biel SUI"]
[Date "2022.07.20"]
[Round "7.29"]
[White "Kamber, Bruno"]
[Black "Papadiamandis, Elliot"]
[Result "1/2-1/2"]
[WhiteTitle "FM"]
[BlackTitle "IM"]
[WhiteElo "2225"]
[BlackElo "2369"]
[WhiteFideId "1300504"]
[BlackFideId "36074160"]
[EventDate "2022.07.13"]

1. e4 c5 2. Nf3 d6 3. Bb5+ Nd7 4. a4 Nf6 5. Nc3 a6 6. Be2 b6 7. d4 cxd4 8. Qxd4
Bb7 9. O-O e6 10. Nd2 Qc7 11. Nc4 d5 12. exd5 Bc5 13. Qh4 Nxd5 14. Nxd5 Bxd5 15.
Bf4 Qc6 16. Qg3 O-O 17. Bh6 Bd4 18. c3 Bf6 19. Ne3 Kh8 20. Nxd5 exd5 21. Bg5 Nc5
22. Bxf6 Qxf6 23. Qf3 Qe5 24. Rfd1 Rad8 25. Bf1 d4 26. b4 Ne6 27. cxd4 Rxd4 1/2-1/2

[Event "55th Biel Master Open"]
[Site "Biel SUI"]
[Date "2022.07.20"]
[Round "7.30"]
[White "Aydin, Gulenay"]
[Black "Herrera Reyes, Jose Antonio"]
[Result "0-1"]
[WhiteTitle "WFM"]
[BlackTitle "FM"]
[WhiteElo "2100"]
[BlackElo "2345"]
[WhiteFideId "34557431"]
[BlackFideId "2274914"]
[EventDate "2022.07.13"]

1. e4 c5 2. Nc3 e6 3. g3 b6 4. Bg2 Bb7 5. Nge2 a6 6. d4 cxd4 7. Nxd4 Qc7 8. O-O
d6 9. Re1 Be7 10. Nd5 exd5 11. exd5 Bc8 12. a4 h5 13. Ra3 Kf8 14. Bf4 Ra7 15. h4
Qd8 16. Rae3 Nh6 17. Qd3 Ng4 18. R3e2 g6 19. Qc3 Kg8 20. Rxe7 Rxe7 21. Rxe7 Qxe7
22. Qxc8+ Kh7 23. Qc3 Re8 24. Bf3 Nd7 25. Nc6 Qe1+ 26. Qxe1 Rxe1+ 27. Kg2 Nge5
28. Nxe5 Nxe5 29. Bxe5 dxe5 30. Kh2 e4 31. Bg2 f5 32. c4 a5 33. g4 hxg4 34. Kg3
Kg7 35. Kf4 Kf6 36. b3 Re2 37. Kg3 Ke5 38. Bf1 Rb2 39. c5 Rxb3+ 0-1

[Event "55th Biel Master Open"]
[Site "Biel SUI"]
[Date "2022.07.20"]
[Round "7.31"]
[White "Asllani, Dorian"]
[Black "Sahithi Varshini M"]
[Result "0-1"]
[BlackTitle "WIM"]
[WhiteElo "2220"]
[BlackElo "2312"]
[WhiteFideId "1341332"]
[BlackFideId "45095248"]
[EventDate "2022.07.13"]

1. d4 d5 2. c4 e6 3. Nc3 c5 4. cxd5 exd5 5. Nf3 Nf6 6. Bg5 Be6 7. e3 c4 8. Bxf6
Qxf6 9. Ne5 Bb4 10. g3 O-O 11. Bg2 Nc6 12. Nxc6 bxc6 13. O-O Bxc3 14. bxc3 Bf5
15. Qa4 Qe6 16. Rfe1 Rfb8 17. Qa3 Rb7 18. f3 Bd3 19. e4 dxe4 20. fxe4 Rab8 21.
d5 cxd5 22. exd5 Qb6+ 23. Kh1 Qf2 24. Qa4 g6 25. Re8+ Kg7 26. Rxb8 Rxb8 27. Rg1
Rb2 28. Qe8 Re2 0-1

[Event "55th Biel Master Open"]
[Site "Biel SUI"]
[Date "2022.07.20"]
[Round "7.32"]
[White "Marentini, Marcel"]
[Black "Dishman, Stephen"]
[Result "*"]
[BlackTitle "FM"]
[WhiteElo "2053"]
[BlackElo "2252"]
[WhiteFideId "1318730"]
[BlackFideId "403024"]
[EventDate "2022.07.13"]

1. Nf3 d5 2. c4 c6 3. g3 Bg4 4. Bg2 e6 5. cxd5 Bxf3 6. Bxf3 cxd5 7. O-O Nf6 8.
Qb3 Qd7 9. d3 Nc6 10. Bg2 Be7 11. Bd2 O-O 12. e3 Rac8 13. a4 Rfd8 14. a5 Bd6 15.
a6 Rb8 16. axb7 Rxb7 17. Qa2 Rdb8 18. Bc3 Nb4 19. Qa5 Nxd3 20. Bxf6 gxf6 21. Qc3
Ne5 22. e4 Rb3 23. Qd4 R3b4 24. Qd1 dxe4 25. Nc3 f5 26. Qh5 Qe7 27. Rfd1 Ng6 28.
h4 Be5 29. Qh6 Rxb2 30. Na4 R2b4 31. Ra2 Rb1 32. Rd2 Rxd1+ 33. Rxd1 Qb4 *

[Event "55th Biel Master Open"]
[Site "Biel SUI"]
[Date "2022.07.20"]
[Round "7.33"]
[White "Abdulrahman Mohammad, Al Taher"]
[Black "Kittler, Thorsten"]
[Result "*"]
[BlackTitle "FM"]
[WhiteElo "2029"]
[BlackElo "2226"]
[WhiteFideId "9310258"]
[BlackFideId "4607660"]
[EventDate "2022.07.13"]

1. d4 d5 2. c4 e6 3. Nc3 Nf6 4. cxd5 exd5 5. Bg5 Be7 6. e3 O-O 7. Bd3 Nbd7 8.
Nf3 c6 9. Qc2 Re8 10. O-O h6 11. Bf4 Nf8 12. h3 Bd6 13. Ne5 Qe7 14. Bg3 Bxe5 15.
Bxe5 Ne4 16. b4 Nxc3 17. Qxc3 Nd7 18. Bh2 Nb6 19. a4 Be6 20. a5 Nc4 21. e4 b5
22. e5 Qd7 23. g4 h5 24. f4 f5 25. gxh5 Kf7 26. Kf2 Rh8 27. Be2 Rag8 28. Rg1 g6
29. hxg6+ Rxg6 30. Rxg6 Kxg6 31. Rg1+ Kf7 32. Qg3 Kf8 33. Bd3 Qe7 34. Ke2 Rg8
35. Qe1 Rxg1 36. Bxg1 Qh7 37. Qg3 Qh5+ 38. Qf3 Qxf3+ 39. Kxf3 Nd2+ 40. Kg3 Kg7
41. Be3 Ne4+ 42. Kh4 Kh6 43. Bxe4 dxe4 44. d5 cxd5 45. Bxa7 Bc8 46. Bc5 Kg6 47.
Kg3 Kh5 48. Kf2 Kh4 49. Kg2 Kh5 50. Kg3 Kh6 51. Kf2 Kh5 52. Ke3 Kh4 53. Kd4 *

[Event "55th Biel Master Open"]
[Site "Biel SUI"]
[Date "2022.07.20"]
[Round "7.34"]
[White "Vemparala, Nikash"]
[Black "Dushyant, Sharma"]
[Result "0-1"]
[WhiteTitle "CM"]
[BlackTitle "IM"]
[WhiteElo "2049"]
[BlackElo "2416"]
[WhiteFideId "30960967"]
[BlackFideId "25065130"]
[EventDate "2022.07.13"]

1. e4 e5 2. Nf3 Nc6 3. d4 exd4 4. Nxd4 Qf6 5. Nf3 Bb4+ 6. c3 Bc5 7. Bc4 Ne5 8.
Be2 d6 9. O-O Ne7 10. Nxe5 dxe5 11. a4 a5 12. Qd3 O-O 13. Qg3 Ng6 14. Bg5 Qb6
15. Nd2 f6 16. Nc4 Qc6 17. Be3 Bxe3 18. Qxe3 Be6 19. Nd2 Rfd8 20. Bb5 Qd6 21.
Bc4 Qxd2 22. Bxe6+ Kh8 23. Qxd2 Rxd2 24. Rab1 Nf4 25. Bc4 Rad8 26. g3 Nd3 27.
Bxd3 R8xd3 28. b4 axb4 29. Rxb4 Rxc3 30. Rxb7 h5 31. Ra1 Rcc2 32. Rf1 c5 33.
Rbb1 Ra2 34. Ra1 Rxf2 35. Rfc1 Rg2+ 36. Kf1 Raf2+ 37. Ke1 Rb2 38. Kf1 Rxh2 39.
Kg1 Rbg2+ 40. Kf1 Rb2 41. Kg1 Rbg2+ 42. Kf1 Rxg3 43. a5 Rh1+ 44. Kf2 Rxc1 45.
Rxc1 Ra3 46. Rxc5 Kh7 47. Ke2 h4 48. Kd2 h3 49. Rc1 Rxa5 0-1